00741cam a22002531 4500001001300000003000400013005001700017008004100034010001700075035001900092040005500111042001200166050002000178082001000198100002800208245008500236250002800321260003000349300002700379504002900406650001600435650001900451999001700470med48001679 DLC20260227111612.0750922s1948 moua b 000 0 eng c amed48001679  a(OCoLC)1648947 aU.S. National Library of MedicinecFMUdOCoLCdDLC apremarc00aRC601b.M9 1948 a616.81 aMuncie, Wendell,d1897-10aPsychobiology and psychiatry;ba textbook of normal and abnormal human behavior. a2d ed.,bwith 70 illus. aSt. Louis,bMosby,c1948. a620 p.billus.c25 cm. aIncludes bibliographies. 0aPsychiatry. 0aPsychobiology. c39063d39063